000 01265cam a22003497a 4500
003 CHAP
005 20220329142843.0
008 040830d2003 mx abd r 00110 spa d
010 _a88761
011 _a89733
035 _a100284
040 _cCHAP
090 _aTesis
100 0 0 _aMagdaleno Miranda, Laura.
_969826
245 1 0 _aEvaluación del sistema agroforestal:
_bárboles en terrenos de cultivo, Vicente Guerrero, Tlaxcala
_c/por Laura Magdaleno Miranda
260 _aMontecillo, Méx. :
_bEl autor,
_c2003
300 _a106 h. :
_bilus. ; gráfs. ; mapas ; cuadros
502 _aTesis (M. C.) -- CP. Instituto de Recursos Naturales. Programa en Botánica
590 _aALEPH
_b10
_c20130110
_lUCH01
_h1500
590 _aBATCH-UPD
_b10
_c20130110
_lUCH01
_h0102
590 _aBATCH-UPD
_b10
_c20130110
_lUCH01
_h1937
590 _aBATCH-UPD
_b10
_c20130410
_lUCH01
_h1301
590 _aBATCH-UPD
_b10
_c20130913
_lUCH01
_h2212
590 _aCONVERSION
_b10
_c20130109
_lUCH01
_h1349
650 1 4 _aAgroforestería
_zTlaxcala.
_92180
650 1 4 _aÁrboles
_zTlaxcala.
_96661
650 1 4 _aSistemas de cultivo.
_9106746
901 _aBK
905 _aMarco A. Mendoza T.
942 _cTESIS
949 _aTesis
_bBC
_cTES
_d1002841
_eTS1
_gDonaciØn
_h42613
_i100284
_sb
999 _c88761
_d88761